|
|
|
|
| LEADER |
00000nam0a2200000 4500 |
| 001 |
69135 |
| 005 |
20231031075434.0 |
| 010 |
|
|
|a 5732506713
|
| 035 |
|
|
|a (RuTPU)RU\TPU\book\73631
|
| 090 |
|
|
|a 69135
|
| 100 |
|
|
|a 20041019d2004 m y0rusy50 ca
|
| 101 |
0 |
|
|a rus
|
| 102 |
|
|
|a RU
|
| 105 |
|
|
|a a j 001zy
|
| 200 |
1 |
|
|a Основы экологической культуры
|e учебник для вузов
|f А. Н. Павлов
|
| 210 |
|
|
|a СПб.
|c Политехника
|d 2004
|
| 215 |
|
|
|a 334 с.
|c ил.
|
| 320 |
|
|
|a Библиогр.: с. 328-331.
|
| 330 |
|
|
|a Книга содержит курс лекций по основам современной экологии, как новой натурфилософии. Помогает читателю увидеть глубинную связь вещей в окружающем его мире, связь, определяющую единство материи, информации и духа. Человечество — часть общей структуры этого мира, и его биологическая, социальная, культурная, духовная, интеллектуальная и техногенная стороны жизни подчинены законам эволюции и функционирования этой целостной структуры. Цель написания книги — всеобщее экологическое просвещение. Для студентов вузов, преподавателей средних школ и учащихся старших классов.
|
| 610 |
1 |
|
|a экология
|
| 610 |
1 |
|
|a социальная экология
|
| 610 |
1 |
|
|a экологическая культура
|
| 610 |
1 |
|
|a экологические системы
|
| 610 |
1 |
|
|a взаимодействия
|
| 610 |
1 |
|
|a экологические кризисы
|
| 610 |
1 |
|
|a экологические катастрофы
|
| 610 |
1 |
|
|a материя
|
| 610 |
1 |
|
|a гидросфера
|
| 610 |
1 |
|
|a циклы
|
| 610 |
1 |
|
|a информацилогизация
|
| 610 |
1 |
|
|a ноосфера
|
| 610 |
1 |
|
|a учебные пособия
|
| 675 |
|
|
|a 502.3(075.8)
|v 3
|
| 686 |
|
|
|a Ю663я73
|v LBC/SL-A
|2 rubbk
|
| 700 |
|
1 |
|a Павлов
|b А. Н.
|g Александр Николаевич
|
| 801 |
|
1 |
|a RU
|b 63413507
|c 20041019
|g PSBO
|
| 801 |
|
2 |
|a RU
|b 63413507
|c 20120201
|g PSBO
|
| 900 |
|
|
|a Основы экологии
|
| 900 |
|
|
|a Основы климатологии и гидрологии
|
| 942 |
|
|
|c BK
|